[Event "Canadian op U1200"]
[Site "Windsor"]
[Date "2016.07.14"]
[Round "5.56"]
[White "Locham, Divjot"]
[Black "Ahmed, Bilal"]
[Result "0-1"]
[WhiteElo "801"]
[BlackElo "826"]
[PlyCount "78"]
[EventDate "2016.07.10"]
[EventType "swiss"]
[EventRounds "9"]
[EventCountry "CAN"]
[SourceTitle "EXT 2022"]
[Source "ChessBase"]
[SourceDate "2021.10.06"]
[SourceVersion "1"]
[SourceVersionDate "2021.10.06"]
[SourceQuality "1"]

1. e4 e5 2. Nf3 Nc6 3. Nc3 Nf6 4. Be2 Bc5 5. Nxe5 Nxe5 6. d4 Bxd4 7. Qxd4 Nc6 8. Qd1 d6 9. 0-0 0-0 10. Bg5 h6 11. Bxf6 Qxf6 12. Rb1 Qd8 13. Ra1 Be6 14. f4 f5 15. exf5 Bxf5 16. Bc4+ Kh8 17. Ne2 Qf6 18. Rb1 Rae8 19. Re1 Bg4 20. h3 Bf5 21. g4 Be6 22. Bxe6 Qxe6 23. Ra1 g5 24. f5 Qe5 25. Ng3 Qxg3+ 26. Kf1 Rxe1+ 27. Qxe1 Qxh3+ 28. Kf2 Qh4+ 29. Kf3 Nd4+ 30. Kg2 Qxg4+ 31. Kh1 Qh3+ 32. Kg1 Nf3+ 33. Kf2 Nxe1 34. Rxe1 Rxf5+ 35. Kg1 Qg3+ 36. Kh1 Qxe1+ 37. Kh2 Qh4+ 38. Kg2 Rf2+ 39. Kg1 Qh2# 0-1